Statistics for Biggest Cities In Milwaukee County

Click here to take the quiz!

General Stats

  • This quiz has been taken 73 times
  • The average score is 4 of 13

Answer Stats

PopulationCity/Village% Correct
594,833Milwaukee
100%
60,411West Allis
45%
46,396Wauwatosa
36%
21,156South Milwaukee
34%
18,267Cudahy
28%
14,110Whitefish Bay
28%
35,451Franklin
27%
36,720Greenfield
27%
12,872Glendale
25%
13,162Shorewood
25%
34,451Oak Creek
23%
14,046Greendale
22%
11,999Brown Deer
20%

Score Distribution

Percentile by Number Answered

Percent of People with Each Score

Your Score History

You have not taken this quiz